[Event "USA-ch Seniors (Women)"]
[Site "Berkeley"]
[Date "2023.11.05"]
[Round "4"]
[White "Tsodikova, Natalia"]
[Black "Teasley, Dorothy O"]
[Result "1-0"]
[WhiteElo "2061"]
[BlackElo "2044"]
[PlyCount "53"]
[EventDate "2023.11.03"]
[EventType "swiss"]
[EventRounds "5"]
[EventCountry "USA"]
[SourceTitle "Mega2024 Update 01"]
[Source "Chessbase"]
[SourceDate "2023.11.12"]
[SourceVersion "1"]
[SourceVersionDate "2023.11.12"]
[SourceQuality "1"]

1. e4 c5 2. Nf3 e6 3. b3 Be7 4. Bb2 Nf6 5. e5 Nd5 6. c4 Nb4 7. a3 N4c6 8. g3 d5 9. exd6 Bf6 10. Bxf6 gxf6 11. Bg2 Qxd6 12. 0-0 a5 13. Nc3 Na6 14. Nb5 Qd8 15. Qe2 0-0 16. Rad1 e5 17. Nh4 Nc7 18. Qh5 Ne6 19. Be4 Ng5 20. Bb1 e4 21. f4 Nh3+ 22. Kg2 Qd7 23. Bxe4 Nxf4+ 24. Rxf4 Qh3+ 25. Kg1 f5 26. Qg5+ Kh8 27. Qf6+ 1-0

[Event "San Francisco Wilkerson Memorial"]
[Site "San Francisco"]
[Date "2020.02.06"]
[Round "1"]
[White "Tsodikova, Natalia"]
[Black "Lehman, Clarence"]
[Result "1-0"]
[WhiteElo "2089"]
[BlackElo "1727"]
[PlyCount "100"]
[EventDate "2020.01.07"]
[EventType "swiss"]
[EventRounds "7"]
[EventCountry "USA"]
[SourceTitle "CBM 195 Extra"]
[Source "ChessBase"]
[SourceDate "2020.05.31"]
[SourceVersion "1"]
[SourceVersionDate "2020.05.31"]
[SourceQuality "1"]

1. e4 e5 2. Nf3 Nc6 3. Bc4 Nf6 4. d3 d5 5. exd5 Nxd5 6. 0-0 Be7 7. Re1 Qd6 8. d4 e4 9. Bxd5 Qxd5 10. Nc3 Qh5 11. Nxe4 Bg4 12. Ng3 Qd5 13. c3 0-0-0 14. Qd3 f5 15. h3 Bxf3 16. Qxf3 Qxf3 17. gxf3 g6 18. Bf4 Bd6 19. Bxd6 Rxd6 20. Nf1 Kd7 21. Nd2 Re6 22. Re3 Nd8 23. Nc4 Rxe3 24. fxe3 Ke6 25. e4 c6 26. Rd1 fxe4 27. fxe4 Kf6 28. Rf1+ Ke6 29. Ne3 h5 30. e5 Rg8 31. Rf6+ Ke7 32. Kf2 Rf8 33. Rxf8 Kxf8 34. Kf3 Ne6 35. h4 Kf7 36. Ke4 g5 37. hxg5 Nxg5+ 38. Kf5 Ne6 39. Ng2 b5 40. Nf4 Nxf4 41. Kxf4 a5 42. Kg5 Ke6 43. Kxh5 Kd5 44. Kg5 c5 45. Kf6 cxd4 46. cxd4 Kxd4 47. e6 Kd3 48. e7 Kc2 49. e8Q Kxb2 50. Qxb5+ Kxa2 1-0

[Event "San Francisco TNM Fall op"]
[Site "San Francisco"]
[Date "2017.11.28"]
[Round "6"]
[White "Anderson, Michael Gene"]
[Black "Tsodikova, Natalia"]
[Result "0-1"]
[WhiteElo "1900"]
[BlackElo "2133"]
[PlyCount "90"]
[EventDate "2017.10.24"]
[EventType "swiss"]
[EventRounds "9"]
[EventCountry "USA"]
[SourceTitle "EXT 2023"]
[Source "ChessBase"]
[SourceDate "2022.10.05"]
[SourceVersion "1"]
[SourceVersionDate "2022.10.05"]
[SourceQuality "1"]

1. e4 e5 2. Nf3 Nc6 3. d4 exd4 4. Nxd4 Bb4+ 5. c3 Bc5 6. Be3 Bb6 7. Be2 Nf6 8. Nd2 0-0 9. 0-0 Re8 10. Nxc6 bxc6 11. Bg5 h6 12. Bh4 d5 13. exd5 cxd5 14. Bf3 c6 15. Re1 g5 16. Rxe8+ Qxe8 17. Bg3 Bf5 18. Qa4 g4 19. Bh4 Ne4 20. Bxe4 dxe4 21. Nc4 e3 22. Nxe3 Bxe3 23. fxe3 Qxe3+ 24. Bf2 Qe4 25. Qxe4 Bxe4 26. Rd1 a5 27. Rd4 f5 28. Bh4 a4 29. Rd8+ Rxd8 30. Bxd8 Bd5 31. a3 f4 32. Kf2 Kf7 33. Bc7 f3 34. gxf3 gxf3 35. Bg3 Ke6 36. Ke3 Kf5 37. h3 h5 38. Bf2 Kg5 39. c4 Be6 40. Kxf3 Bxh3 41. c5 h4 42. Be3+ Kf5 43. Bf2 Bg4+ 44. Kg2 h3+ 45. Kg3 Ke4 0-1

[Event "San Francisco TNM Fall op"]
[Site "San Francisco"]
[Date "2017.11.14"]
[Round "4"]
[White "Boldi, Ethan Vaughn"]
[Black "Tsodikova, Natalia"]
[Result "1-0"]
[WhiteElo "1892"]
[BlackElo "2133"]
[PlyCount "115"]
[EventDate "2017.10.24"]
[EventType "swiss"]
[EventRounds "9"]
[EventCountry "USA"]
[SourceTitle "EXT 2023"]
[Source "ChessBase"]
[SourceDate "2022.10.05"]
[SourceVersion "1"]
[SourceVersionDate "2022.10.05"]
[SourceQuality "1"]

1. e4 e5 2. Nf3 Nc6 3. Bc4 Bc5 4. c3 Nf6 5. d3 a6 6. 0-0 Ba7 7. d4 Nxe4 8. d5 Ne7 9. Qe2 Nd6 10. Nxe5 Nxc4 11. Nxc4 b5 12. Ne5 0-0 13. b3 Nxd5 14. Qf3 Nb6 15. Re1 f6 16. Ng4 d5 17. Ba3 Rf7 18. Nd2 Bxg4 19. Qxg4 Qd7 20. Qg3 Rc8 21. Bc5 c6 22. Qe3 Na8 23. b4 Bxc5 24. bxc5 Nc7 25. Nf3 Re8 26. Qf4 Ne6 27. Qb4 Rfe7 28. h3 Qa7 29. Nd4 Qxc5 30. Nf5 Qxb4 31. cxb4 Rd7 32. Rac1 Nc7 33. Rxe8+ Nxe8 34. Rxc6 Nc7 35. Kf1 d4 36. Ke2 Nd5 37. a3 Nf4+ 38. Kd2 Nxg2 39. Rxa6 Nf4 40. Rd6 Ra7 41. Rd8+ Kf7 42. Rxd4 Nxh3 43. Nd6+ Ke6 44. Nxb5 Rb7 45. a4 Nxf2 46. Ke3 Nh3 47. Nc3 f5 48. a5 g5 49. a6 f4+ 50. Kd2 Rc7 51. b5 f3 52. Nd1 Ke5 53. b6 f2 54. Ne3 Kxd4 55. b7 Rc3 56. Nf1 Rd3+ 57. Kc2 Ra3 58. b8Q 1-0

[Event "San Francisco TNM Fall op"]
[Site "San Francisco"]
[Date "2017.10.31"]
[Round "2"]
[White "Melville, Cailen"]
[Black "Tsodikova, Natalia"]
[Result "1-0"]
[WhiteElo "1805"]
[BlackElo "2133"]
[PlyCount "77"]
[EventDate "2017.10.24"]
[EventType "swiss"]
[EventRounds "9"]
[EventCountry "USA"]
[SourceTitle "EXT 2023"]
[Source "ChessBase"]
[SourceDate "2022.10.05"]
[SourceVersion "1"]
[SourceVersionDate "2022.10.05"]
[SourceQuality "1"]

1. d4 Nf6 2. c4 g6 3. f3 d6 4. e4 Bg7 5. Nc3 0-0 6. Nge2 Nc6 7. Be3 a6 8. Qd2 Rb8 9. Rc1 Bd7 10. Nd1 Re8 11. Nf2 b5 12. c5 dxc5 13. Rxc5 e5 14. d5 Nd4 15. Nxd4 exd4 16. Bxd4 Bf8 17. g3 Bxc5 18. Bxc5 Bc8 19. Be3 Bb7 20. Bg5 Qd6 21. Be2 Nd7 22. Ng4 f6 23. Qc3 Kf7 24. Bf4 Ne5 25. h4 Bc8 26. h5 Bxg4 27. hxg6+ hxg6 28. fxg4 Rh8 29. 0-0 Rbe8 30. g5 f5 31. g4 Kg8 32. Bg3 Qe7 33. exf5 gxf5 34. Rxf5 Nc4 35. Bxc4 bxc4 36. Be5 Rh4 37. Qxc4 Kh7 38. d6 Qe6 39. Qxc7+ 1-0

[Event "San Francisco TNM Spring op"]
[Site "San Francisco"]
[Date "2017.04.25"]
[Round "7"]
[White "O Connor, Derek"]
[Black "Tsodikova, Natalia"]
[Result "1-0"]
[WhiteElo "2091"]
[BlackElo "2146"]
[PlyCount "77"]
[EventDate "2017.03.14"]
[EventType "swiss"]
[EventRounds "8"]
[EventCountry "USA"]
[SourceTitle "EXT 2023"]
[Source "ChessBase"]
[SourceDate "2022.10.05"]
[SourceVersion "1"]
[SourceVersionDate "2022.10.05"]
[SourceQuality "1"]

1. d4 Nf6 2. Nf3 g6 3. g3 Bg7 4. Bg2 d6 5. 0-0 0-0 6. c4 c5 7. d5 e6 8. Nc3 exd5 9. cxd5 a6 10. a4 Nbd7 11. Bf4 Qe7 12. h3 Rb8 13. Rb1 b5 14. b4 bxa4 15. Qxa4 Bb7 16. Rfd1 h6 17. Qa3 Nh5 18. Bd2 Rfc8 19. b5 Ra8 20. Qc1 Kh7 21. g4 Nhf6 22. Bf4 Ne8 23. b6 g5 24. Bg3 Ne5 25. Nd2 Nf6 26. Nb3 a5 27. Ra1 Ra6 28. Nxa5 Rxb6 29. Bxe5 dxe5 30. d6 Qd7 31. Nxb7 Rxb7 32. Bxb7 Qxb7 33. Qc2+ Kg8 34. Qf5 Rd8 35. Rab1 Qc6 36. Qxe5 Re8 37. Qf5 Nd7 38. Nd5 Bf8 39. Qxd7 1-0

[Event "San Francisco TNM Winter op"]
[Site "San Francisco"]
[Date "2017.01.24"]
[Round "4"]
[White "Andries, Craig"]
[Black "Tsodikova, Natalia"]
[Result "0-1"]
[WhiteElo "1878"]
[BlackElo "2146"]
[PlyCount "96"]
[EventDate "2017.01.03"]
[EventType "swiss"]
[EventRounds "8"]
[EventCountry "USA"]
[SourceTitle "EXT 2018"]
[Source "ChessBase"]
[SourceDate "2017.10.13"]
[SourceVersion "1"]
[SourceVersionDate "2017.10.13"]
[SourceQuality "1"]

1. e4 c5 2. Nf3 d6 3. Bb5+ Bd7 4. Bxd7+ Qxd7 5. 0-0 Nf6 6. Qe2 e6 7. d4 cxd4 8. Nxd4 Nc6 9. c3 Be7 10. f4 0-0 11. Na3 Rac8 12. f5 e5 13. Nf3 d5 14. exd5 Qxd5 15. Nc2 Bc5+ 16. Kh1 e4 17. Ng5 Qd3 18. Re1 Rfe8 19. Be3 Bxe3 20. Nxe3 Qxe2 21. Rxe2 Rcd8 22. Nh3 Ne5 23. Nf2 Nd3 24. Kg1 Nf4 25. Rc2 h5 26. Re1 Kf8 27. h3 h4 28. c4 Rd7 29. Nfg4 Nxg4 30. Nxg4 Rd4 31. Ne3 Red8 32. Rf1 Nh5 33. Kh2 Rd2 34. Rf2 Rxc2 35. Rxc2 Ng3 36. Kg1 Rd3 37. Kf2 Ke7 38. b4 Kf6 39. c5 Nxf5 40. Ng4+ Ke6 41. b5 Nd4 42. Rc4 Kd5 43. c6 bxc6 44. bxc6 Nxc6 45. Ra4 f5 46. Ne3+ Ke5 47. Ra6 Rc3 48. Ra4 f4 0-1

[Event "San Francisco Benson Memorial"]
[Site "San Francisco"]
[Date "2016.08.23"]
[Round "4"]
[White "Tsodikova, Natalia"]
[Black "Winslow, Elliott C"]
[Result "1-0"]
[WhiteElo "2195"]
[BlackElo "2321"]
[PlyCount "103"]
[EventDate "2016.08.02"]
[EventType "swiss"]
[EventRounds "9"]
[EventCountry "USA"]
[SourceTitle "EXT 2018"]
[Source "ChessBase"]
[SourceDate "2017.10.13"]
[SourceVersion "1"]
[SourceVersionDate "2017.10.13"]
[SourceQuality "1"]

1. d4 Nf6 2. c4 g6 3. Nc3 Bg7 4. e4 d6 5. Be2 0-0 6. Nf3 e5 7. d5 a5 8. 0-0 Na6 9. Bg5 h6 10. Bh4 g5 11. Bg3 Nh5 12. Ne1 Nf4 13. Bg4 Nc5 14. Bxc8 Qxc8 15. f3 f5 16. Bf2 h5 17. Bxc5 dxc5 18. Nc2 g4 19. fxg4 fxg4 20. Ne3 Ra6 21. Na4 Rg6 22. Nxc5 g3 23. Nd3 gxh2+ 24. Kh1 Qd8 25. Nxf4 exf4 26. Nf5 Qg5 27. Qd2 Be5 28. c5 Kh7 29. Rac1 Rfg8 30. Rc2 h4 31. Rf3 Qg4 32. Qf2 h3 33. Qh4+ Qxh4 34. Nxh4 hxg2+ 35. Rxg2 Rg3 36. Rf1 R8g4 37. Rxh2 Kg8 38. Nf5 f3 39. Nh6+ Kg7 40. Nxg4 Rxg4 41. Rh3 Rxe4 42. Rhxf3 Rh4+ 43. Kg1 Rg4+ 44. Kf2 Bxb2 45. Ke2 Be5 46. Rd1 Rg6 47. Rf5 Bh2 48. Rh1 Rg2+ 49. Rf2 Rxf2+ 50. Kxf2 Be5 51. Kf3 b6 52. Ke4 1-0

[Event "San Francisco Benson Memorial"]
[Site "San Francisco"]
[Date "2016.08.16"]
[Round "3"]
[White "Tsodikova, Natalia"]
[Black "Wang, Yuan1111"]
[Result "1-0"]
[WhiteElo "2195"]
[BlackElo "2068"]
[PlyCount "60"]
[EventDate "2016.08.02"]
[EventType "swiss"]
[EventRounds "9"]
[EventCountry "USA"]
[SourceTitle "EXT 2018"]
[Source "ChessBase"]
[SourceDate "2017.10.13"]
[SourceVersion "1"]
[SourceVersionDate "2017.10.13"]
[SourceQuality "1"]

1. d4 Nf6 2. c4 g6 3. Nc3 d5 4. cxd5 Nxd5 5. g3 Bg7 6. Bg2 Nxc3 7. bxc3 c5 8. e3 0-0 9. Ne2 Nc6 10. 0-0 e5 11. d5 Na5 12. Rb1 Qd6 13. Qd3 c4 14. Qc2 Bd7 15. e4 b5 16. Be3 Nb7 17. f4 f6 18. Nc1 Nc5 19. Qf2 Na4 20. Ne2 a5 21. h4 b4 22. Rbc1 Rfc8 23. Kh2 Rab8 24. Bh3 Bxh3 25. Kxh3 Nc5 26. Bxc5 Qxc5 27. Qf3 b3 28. axb3 cxb3 29. c4 a4 30. Qd3 Bf8 1-0

[Event "San Francisco TNM Spring op"]
[Site "San Francisco"]
[Date "2016.04.19"]
[Round "6"]
[White "Shakhnazarov, Oleg"]
[Black "Tsodikova, Natalia"]
[Result "1-0"]
[WhiteElo "2139"]
[BlackElo "2207"]
[PlyCount "35"]
[EventDate "2016.03.15"]
[EventType "swiss"]
[EventRounds "8"]
[EventCountry "USA"]
[SourceTitle "EXT 2018"]
[Source "ChessBase"]
[SourceDate "2017.10.13"]
[SourceVersion "1"]
[SourceVersionDate "2017.10.13"]
[SourceQuality "1"]

1. e4 e5 2. Nf3 Nc6 3. Bb5 f5 4. d3 fxe4 5. dxe4 Nf6 6. Bg5 Bc5 7. Nc3 d6 8. Nd5 Bxf2+ 9. Kxf2 Nxe4+ 10. Kg1 Nxg5 11. Nxg5 Qxg5 12. h4 Qd8 13. Qh5+ g6 14. Qh6 Rf8 15. Qxh7 Rf7 16. Qg8+ Rf8 17. Qxg6+ Kd7 18. Qg7+ 1-0

[Event "San Francisco TNM Fall op"]
[Site "San Francisco"]
[Date "2015.10.27"]
[Round "2"]
[White "LaGrotta, Daniel S"]
[Black "Tsodikova, Natalia"]
[Result "0-1"]
[WhiteElo "1772"]
[BlackElo "2103"]
[PlyCount "38"]
[EventDate "2015.10.20"]
[EventType "swiss"]
[EventRounds "9"]
[EventCountry "USA"]
[SourceTitle "EXT 2023"]
[Source "ChessBase"]
[SourceDate "2022.10.05"]
[SourceVersion "1"]
[SourceVersionDate "2022.10.05"]
[SourceQuality "1"]

1. e4 e5 2. Nf3 Nc6 3. Bc4 Bc5 4. c3 Nf6 5. d3 d6 6. h3 h6 7. a4 a6 8. Qe2 0-0 9. Be3 Bxe3 10. Qxe3 d5 11. exd5 Nxd5 12. Bxd5 Qxd5 13. 0-0 Bf5 14. d4 exd4 15. Nxd4 Rfe8 16. Qf4 Be4 17. Nxc6 Qxc6 18. Qg3 Rad8 19. f3 Qb6+ 0-1

[Event "San Francisco TNM Summer op"]
[Site "San Francisco"]
[Date "2015.07.14"]
[Round "8"]
[White "Sun, James"]
[Black "Tsodikova, Natalia"]
[Result "1-0"]
[WhiteElo "2081"]
[BlackElo "2168"]
[PlyCount "113"]
[EventDate "2015.05.26"]
[EventType "swiss"]
[EventRounds "8"]
[EventCountry "USA"]
[SourceTitle "EXT 2016"]
[Source "ChessBase"]
[SourceDate "2015.10.08"]
[SourceVersion "1"]
[SourceVersionDate "2015.10.08"]
[SourceQuality "1"]

1. c4 e5 2. g3 Nc6 3. Bg2 Nge7 4. Nc3 g6 5. d3 Bg7 6. e4 d6 7. Nge2 0-0 8. 0-0 Be6 9. Nd5 Qd7 10. Be3 Nd8 11. Qd2 c6 12. Ndc3 Bh3 13. d4 Bxg2 14. Kxg2 Qc7 15. Rad1 Ne6 16. d5 cxd5 17. cxd5 Nc5 18. b4 Na6 19. Rc1 Qd7 20. a3 f5 21. f3 Nc7 22. Qd3 h5 23. Ng1 Rf7 24. Nh3 Bf6 25. Rc2 h4 26. Nf2 Rh7 27. g4 h3+ 28. Kh1 f4 29. Bd2 Bh4 30. Nxh3 Kg7 31. Kg2 Rah8 32. Rh1 g5 33. Ne2 Ne8 34. Nhg1 Nf6 35. h3 Qd8 36. Qb5 Kg6 37. Qxb7 Nexd5 38. Qa6 Nb6 39. Qd3 Nc8 40. Nc3 Qb6 41. Nd1 Rd7 42. Ne2 Kg7 43. Nec3 Ne7 44. Nd5 Nexd5 45. exd5 Rc7 46. Rxc7+ Qxc7 47. Nc3 Rc8 48. Rc1 Qb6 49. Nd1 Rxc1 50. Bxc1 a5 51. Bd2 Qb7 52. bxa5 Nxd5 53. a6 Qa8 54. Bb4 Nf6 55. Qxd6 e4 56. Qf8+ Kg6 57. Qxa8 1-0

[Event "San Francisco TNM Summer op"]
[Site "San Francisco"]
[Date "2015.06.30"]
[Round "6"]
[White "Tsodikova, Natalia"]
[Black "Askin, David"]
[Result "1-0"]
[WhiteElo "2168"]
[BlackElo "1959"]
[PlyCount "81"]
[EventDate "2015.05.26"]
[EventType "swiss"]
[EventRounds "8"]
[EventCountry "USA"]
[SourceTitle "EXT 2016"]
[Source "ChessBase"]
[SourceDate "2015.10.08"]
[SourceVersion "1"]
[SourceVersionDate "2015.10.08"]
[SourceQuality "1"]

1. d4 d5 2. Nf3 Nf6 3. g3 c6 4. c4 e6 5. Bg2 Nbd7 6. 0-0 Bd6 7. Nfd2 0-0 8. Nc3 Bb4 9. Qc2 Re8 10. e4 dxe4 11. Ndxe4 Bxc3 12. Nxc3 Nb6 13. Ne2 e5 14. Rd1 e4 15. b3 Bg4 16. Be3 Qd7 17. Re1 Qf5 18. Nf4 Qd7 19. h3 Bf3 20. Bxf3 exf3 21. Kh2 g5 22. Nd3 Qf5 23. Rac1 Nbd7 24. b4 h5 25. Nc5 Qxc2 26. Rxc2 Nxc5 27. bxc5 g4 28. h4 Re7 29. Rd1 Rd7 30. Rb2 Ne4 31. Rdb1 Nc3 32. Rxb7 Rdd8 33. Rc1 Ne2 34. Rd1 Nc3 35. Rd3 Ne2 36. d5 Rab8 37. Rxb8 Rxb8 38. d6 Rd8 39. d7 f6 40. Bd2 Kf7 41. Ba5 1-0

[Event "San Francisco TNM Winter op"]
[Site "San Francisco"]
[Date "2015.02.24"]
[Round "8"]
[White "Tsodikova, Natalia"]
[Black "Wong, Russell"]
[Result "1-0"]
[WhiteElo "2170"]
[BlackElo "2215"]
[PlyCount "65"]
[EventDate "2015.01.06"]
[EventType "swiss"]
[EventRounds "8"]
[EventCountry "USA"]
[SourceTitle "EXT 2016"]
[Source "ChessBase"]
[SourceDate "2015.10.08"]
[SourceVersion "1"]
[SourceVersionDate "2015.10.08"]
[SourceQuality "1"]

1. e4 Nf6 2. Nc3 d5 3. exd5 Nxd5 4. Bc4 Nb6 5. Bb3 c5 6. d3 Nc6 7. Nf3 e6 8. Bf4 a6 9. 0-0 Be7 10. Re1 0-0 11. Ne4 Nd5 12. Bg5 b6 13. Qe2 Nd4 14. Nxd4 Bxg5 15. Nc6 Qc7 16. Nxg5 Qxc6 17. Qe4 g6 18. Qh4 h5 19. Ne4 Bb7 20. Qg5 Kg7 21. c4 f6 22. cxd5 exd5 23. Qg3 dxe4 24. dxe4 c4 25. Bc2 Rad8 26. e5 f5 27. e6 Rde8 28. e7 Rf7 29. Rad1 Rexe7 30. f3 Qc5+ 31. Kf1 f4 32. Qxg6+ Kf8 33. Rd8+ 1-0

[Event "San Francisco TNM Winter op"]
[Site "San Francisco"]
[Date "2015.01.13"]
[Round "2"]
[White "Tsodikova, Natalia"]
[Black "Chea, Na"]
[Result "1/2-1/2"]
[WhiteElo "2170"]
[BlackElo "1533"]
[PlyCount "104"]
[EventDate "2015.01.06"]
[EventType "swiss"]
[EventRounds "8"]
[EventCountry "USA"]
[SourceTitle "EXT 2016"]
[Source "ChessBase"]
[SourceDate "2015.10.08"]
[SourceVersion "1"]
[SourceVersionDate "2015.10.08"]
[SourceQuality "1"]

1. e4 c6 2. d4 d5 3. exd5 cxd5 4. Bd3 Nf6 5. c3 e6 6. Bf4 Qb6 7. Qb3 Qxb3 8. axb3 Bd7 9. Bxb8 Rxb8 10. Rxa7 Bd6 11. Nf3 0-0 12. Ne5 Bc6 13. 0-0 Ra8 14. Nxc6 bxc6 15. Rxa8 Rxa8 16. Nd2 Ra2 17. Rb1 c5 18. dxc5 Bxc5 19. b4 Bd6 20. Nb3 Ra8 21. Nc5 Kf8 22. g3 h6 23. f3 Ke7 24. Kf2 Ra7 25. Ke3 Nd7 26. Nb3 e5 27. Na5 Ke6 28. Nc6 Ra8 29. g4 g6 30. c4 d4+ 31. Kd2 Nb8 32. b5 Nxc6 33. bxc6 Bb4+ 34. Kc2 Kd6 35. Be4 Ra7 36. Rg1 Bc5 37. Rg3 Ra8 38. Rh3 Rh8 39. Bd5 f6 40. Be4 Kc7 41. Bxg6 Kxc6 42. Rh5 Be7 43. Be4+ Kc5 44. Bd5 Kb4 45. Rf5 Rh7 46. f4 exf4 47. Rxf4 h5 48. g5 fxg5 49. Rxd4 g4 50. Rd3 Rh6 51. Rb3+ Kc5 52. Rb5+ Kd4 1/2-1/2

[Event "San Francisco TNM Winter op"]
[Site "San Francisco"]
[Date "2015.01.06"]
[Round "1"]
[White "Donnelly, Patrick T"]
[Black "Tsodikova, Natalia"]
[Result "0-1"]
[WhiteElo "1659"]
[BlackElo "2170"]
[PlyCount "86"]
[EventDate "2015.01.06"]
[EventType "swiss"]
[EventRounds "8"]
[EventCountry "USA"]
[SourceTitle "EXT 2016"]
[Source "ChessBase"]
[SourceDate "2015.10.08"]
[SourceVersion "1"]
[SourceVersionDate "2015.10.08"]
[SourceQuality "1"]

1. e4 e5 2. Nf3 Nc6 3. Bb5 Nge7 4. d4 exd4 5. Nxd4 Ng6 6. 0-0 Bc5 7. Be3 Nxd4 8. Bxd4 Bxd4 9. Qxd4 0-0 10. Nc3 d6 11. Rad1 Qg5 12. Rd3 Nf4 13. Rg3 Qe5 14. Qxe5 dxe5 15. Rd1 c6 16. Bd3 b5 17. a3 a5 18. Ne2 Ne6 19. Kf1 Ba6 20. Ke1 c5 21. Ng1 c4 22. Be2 Rfd8 23. Nf3 f6 24. Nh4 g6 25. Nf5 Kf7 26. Ne3 Nc5 27. f3 Na4 28. Rb1 Bb7 29. Rh3 Kg7 30. Nd1 Nc5 31. Nc3 Bc6 32. Rd1 Rxd1+ 33. Bxd1 Rd8 34. Be2 Ne6 35. Nd1 Nf4 36. Rg3 Bd7 37. b3 cxb3 38. cxb3 Nh5 39. Rg4 Bxg4 40. fxg4 Nf4 41. Bxb5 Nxg2+ 42. Ke2 Nf4+ 43. Ke1 Nd3+ 0-1